The craft of research / (Record no. 587610)

000 -LEADER
fixed length control field 02759cam a2200469 i 4500
001 - CONTROL NUMBER
control field 18928153
003 - CONTROL NUMBER IDENTIFIER
control field NUST
005 - DATE AND TIME OF LATEST TRANSACTION
control field 20220114161514.0
008 - FIXED-LENGTH DATA ELEMENTS--GENERAL INFORMATION
fixed length control field 160105t2016 ilua b 001 0 eng c
010 ## - LIBRARY OF CONGRESS CONTROL NUMBER
LC control number 2016000143
020 ## - INTERNATIONAL STANDARD BOOK NUMBER
International Standard Book Number 9780226239569 (cloth : alk. paper)
020 ## - INTERNATIONAL STANDARD BOOK NUMBER
International Standard Book Number 9780226239736 (pbk. : alk. paper)
020 ## - INTERNATIONAL STANDARD BOOK NUMBER
Canceled/invalid ISBN 9780226239873 (e-book)
038 ## - RECORD CONTENT LICENSOR
Staff Name Rani Shaista Kanwal
040 ## - CATALOGING SOURCE
Original cataloging agency ICU/DLC
Language of cataloging eng
Transcribing agency ICU
Description conventions rda
Modifying agency DLC
042 ## - AUTHENTICATION CODE
Authentication code pcc
050 00 - LIBRARY OF CONGRESS CALL NUMBER
Classification number Q180.55.M4
Item number B66 2016
082 00 - DEWEY DECIMAL CLASSIFICATION NUMBER
Classification number 001.42 CRA
100 1# - MAIN ENTRY--PERSONAL NAME
Personal name Booth, Wayne C.,
Relator term author.
9 (RLIN) 88426
245 04 - TITLE STATEMENT
Title The craft of research /
Statement of responsibility, etc. Wayne C. Booth, Gregory G. Colomb, Joseph M. Williams, Joseph Bizup, William T. FitzGerald.
250 ## - EDITION STATEMENT
Edition statement Fourth edition.
260 ## - PUBLICATION, DISTRIBUTION, ETC.
Linkage Chicago;
Place of publication, distribution, etc. The University of Chicago press:
Name of publisher, distributor, etc. 2016.
264 #1 - PRODUCTION, PUBLICATION, DISTRIBUTION, MANUFACTURE, AND COPYRIGHT NOTICE
Place of production, publication, distribution, manufacture Chicago :
Name of producer, publisher, distributor, manufacturer The University of Chicago Press,
Date of production, publication, distribution, manufacture, or copyright notice 2016.
300 ## - PHYSICAL DESCRIPTION
Extent xvi, 316 pages :
Other physical details illustrations ;
Dimensions 22 cm.
336 ## - CONTENT TYPE
Content type term text
Source rdacontent
337 ## - MEDIA TYPE
Media type term unmediated
Source rdamedia
338 ## - CARRIER TYPE
Carrier type term volume
Source rdacarrier
490 1# - SERIES STATEMENT
Series statement Chicago guides to writing, editing, and publishing
504 ## - BIBLIOGRAPHY, ETC. NOTE
Bibliography, etc. note Appendix: Bibliographical Resources: 281<br/>Index: 313<br/><br/>
505 ## - FORMATTED CONTENTS NOTE
Formatted contents note I. Research, Researchers, and Readers: 1-- 1. Thinking in Print: The Uses of Research, Public and Private: 9-- 2. Connecting with Your Reader: Creating a Role for Yourself and Your Readers: 16-- II. Asking Questions, Finding Answers: 27-- 3. From Topics to Questions: 33-- 4. From Questions to a Problem: 49-- 5. From Problems to Sources: 65-- 6. Engaging Sources: 85-- III. Making an Argument: 105-- 7. Making Good Arguments: An Overview: 110-- 8. Making Claims: 122-- 9. Assembling Reasons and Evidence: 132-- 10. Acknowledgments and Responses: 141-- 11. Warrants: 155-- IV. Writing Your Argument: 173-- 12. Planning and Drafting: 177-- 13. Organizing Your Argument: 189-- 14. Incorporating Sources: 200-- <br/>15. Communicating Evidence Visually: 214<br/>16. Introductions and Conclusions: 232<br/>17. Revising Style: Telling Your Story Clearly: 248<br/>V. Some Last Considerations: 269<br/>The Ethics of Research: 271<br/>A Postscript for Teachers: 275
563 ## - BINDING INFORMATION
Binding note PB
650 #0 - SUBJECT ADDED ENTRY--TOPICAL TERM
Topical term or geographic name entry element Research
General subdivision Methodology.
9 (RLIN) 88427
650 #0 - SUBJECT ADDED ENTRY--TOPICAL TERM
Topical term or geographic name entry element Technical writing.
9 (RLIN) 88428
700 1# - ADDED ENTRY--PERSONAL NAME
Personal name Colomb, Gregory G.,
Relator term author.
9 (RLIN) 88429
700 1# - ADDED ENTRY--PERSONAL NAME
Personal name Williams, Joseph M.,
Relator term author.
9 (RLIN) 88430
700 1# - ADDED ENTRY--PERSONAL NAME
Personal name Bizup, Joseph,
Dates associated with a name 1966-
Relator term author.
9 (RLIN) 88431
700 1# - ADDED ENTRY--PERSONAL NAME
Personal name FitzGerald, William T.,
Relator term author.
9 (RLIN) 88432
830 #0 - SERIES ADDED ENTRY--UNIFORM TITLE
Uniform title Chicago guides to writing, editing, and publishing.
9 (RLIN) 88433
906 ## - LOCAL DATA ELEMENT F, LDF (RLIN)
a 7
b cbc
c orignew
d 1
e ecip
f 20
g y-gencatlg
942 ## - ADDED ENTRY ELEMENTS (KOHA)
Source of classification or shelving scheme
Koha item type Book
Holdings
Withdrawn status Lost status Source of classification or shelving scheme Damaged status Not for loan Permanent Location Current Location Date acquired Source of acquisition Cost, normal purchase price Total Checkouts Full call number Barcode Date last seen Date last checked out Copy number Cost, replacement price Price effective from Koha item type
          Atta-ur-Rahman School of Applied Biosciences (ASAB) Atta-ur-Rahman School of Applied Biosciences (ASAB) 06/24/2019 Golden Books 235384.00 1 001.4 CRA 2016 3458 ASAB3458 10/16/2023 03/07/2023 01 235384.00 06/24/2019 Book
© 2023 Central Library, National University of Sciences and Technology. All Rights Reserved.